CRC Handbook of Chemistry and Physics 78th Edition

Guardado en:
Detalles Bibliográficos
Otros Autores: Lide, David R. (Editor)
Formato: Libro
Lenguaje:inglés
Publicado: Boca Raton TCRC Press 1997
Edición:78th edition 1997-1998
Colección:Handbook of chemistry and physics 1997-1998, 78th edition
Materias:
Acceso en línea:Ver en el OPAC
Etiquetas: Agregar Etiqueta
Sin Etiquetas, Sea el primero en etiquetar este registro!

MARC

LEADER 00000nam a2200000 a 4500
005 20260127134255.0
008 090518 1997 xxu 000 0 eng d
020 |a 0849304784 
035 |a vtls009513582 
039 9 |a 200905210946  |b mschk03  |y 200905180931  |z mschk03 
040 |a STUSCHK1  |b slo  |c STUSCHK1  |e AACR2 
080 |a 51+53(03) 
245 1 |a CRC Handbook of Chemistry and Physics 78th Edition  |c David R. Lide, editor-in chief 
250 |a 78th edition 1997-1998 
260 |a Boca Raton  |b TCRC Press  |c 1997 
300 |a nepr.s. 
490 0 |a Handbook of chemistry and physics 1997-1998, 78th edition 
650 0 |a chemistry  |x physics 
700 1 |a Lide, David R.  |4 edt 
910 |a SCHK95 
919 |a 0-8493-048678-4 
999 |c 8451  |d 8451